000 00585nam a22001817a 4500
003 OSt
008 260624b |||||||| |||| 00| 0 eng d
020 _a9789348596628
082 _a632.32
_bS61P
100 _aSingh, Dinesh
245 _aPlant Bacteriology Refresher/ by Dinesh Singh, Shivam Kumar and Shenaz Sultana Ahmed
260 _aDelhi :
_bToday & Tomorrow Printers and Publishers,
_c2026.
300 _a348 p.
650 _aPure Sciences | Biology | Bacteriology | Plant Bacteriology
700 _aKumar, Shivam
700 _aAhmed, Shenaz Sultana
942 _2ddc
_cBK
999 _c52249
_d52249